Responses for show #963 - Wednesday, November 9, 1988

1988 Tournament of Champions quarterfinal game 3.

Contestants

Peggy Kennedy, a forensic toxicologist and winner of the 1988 Seniors Tournament from Menands, New York

Michael Rankins, a minister and writer from Rohnert Park, California

Steven Popper, an economist originally from Minneapolis, Minnesota

Jeopardy! Round responses

"FOUR" WORDS
MOVIE TRIVIA
POTENT POTABLES
NAMES IN THE NEWS
THE REVOLUTIONARY WAR
HAIR CARE
    $100 1
four bits

Steven
    $100 15
Manhattan

Steven
    $100 6
(Steven: What is a quart?)

a U.S. gallon

StevenPeggy
    $100 19
Ronald Reagan

Peggy
    $100 12
King George III

Steven
    $100 11
mousse

Steven
    $200 2
four of a kind

Steven
    $200 18
(Steven: Who was the Wicked Witch of the West?)
(Michael: Who was the Witch of the North?)

the Wicked Witch of the East

StevenMichaelPeggy
    $200 7
Irish coffee

Peggy
    $200 27
Leonid Brezhnev

Peggy
    $200 13
Benedict Arnold

Peggy
    $200 20
page boy

Michael
    $300 3
four-on-the-floor (or four-speed)

Michael
    $300 23
Dumbo & Jumbo

Michael
    $300 8
bock beer

Peggy
    $300 26
Abbie Hoffman

Michael
    $300 14
"Common Sense"

Michael
    $300 28
Head & Shoulders

Steven
    $400 4
four-part harmony

Steven
    $400 22
Bob Fosse

Michael
    $400 9
a mint julep

Peggy
    $400 25
Pogo

Michael
    $400 16
(Michael: What is the Boston Tea Party?)

Boston Massacre

StevenMichael
    $100 29
a (fine-tooth) comb

Steven
    $500 5
four-in-hand

Peggy
    $500 21
(Michael: What is The Wild Ones?)
[Michael's response was accepted as correct and the decision was reversed after the break.]

The Wild One

Michael
Triple Stumper
    $500 10
(Alex: Peggy, why did you do so well in this POTENT POTABLES category? Are you telling us something about your past?)
(Peggy: My misspent past, of course!)

rum

Peggy
    $500 24
Pope John Paul II

Michael
    $500 17
Carpenter's Hall

Steven
    $500 30
Vidal Sassoon

Steven

Scores at the first commercial break (after clue 14):

Steven Michael Peggy
$800 $600 $2,200

Scores at the end of the Jeopardy! Round:

Steven Michael Peggy
$2,500 $1,600 $2,700

Double Jeopardy! Round responses

AFRICA
MISSIONARIES
THE STARS
CHILDREN'S LITERATURE
STATE POSTAL ABBREVIATIONS
HISTORIC WOMEN
    $200 18
Rwanda

Peggy
    $200 25
St. Patrick

Steven
    $200 2
Gravity

Steven
    $200 16
"The Stockings"

Peggy
    $200 15
MD

Peggy
    $200 6
Hatfield

Steven
    $400 20
Atlantic Ocean

Steven
    $400 26
Buddha (Siddhartha Gautama)

Steven
    $400 3
Hydrogen

Michael
    $400 17
Peter, Peter, pumpkin-eater

Steven
    $400 14
ID

Michael
    $400 7
"Tokyo Rose"

Steven
    $600 21
Equatorial Guinea

Michael
    $600 27
Tahiti

Steven
    $600 4
Sirius

Steven
    $600 19
(Peggy: What's 101 Dalmatians?)
(Steven: What is "The Lady And The Tramp"?)
[Steven's response was accepted as correct and the decision was reversed after the break.]

"Lady And The Tramp"

StevenPeggy
Triple Stumper
    $2,000 11
Alaska (AK)

Michael
    $600 8
Claire Boothe Luce

Peggy
    $800 23
Libya and Sudan

Steven
    $800 28
(Steven: What is the Queen of Hawaii?)
(Michael: Who was Queen Leilani?)

Liliuokalani

StevenMichaelPeggy
    $800 5
Pulsar

Peggy
    $800 22
White Queen

Steven
    $800 12
North & South Carolina (NC & SC)

Michael
    $800 9
Claudius

Steven
    $2,500 24
(Steven: What is Algeria?)
...
(Alex: Cape Town, Pretoria, and Bloemfontein in
[*])

South Africa

Steven
    $1000 30
Franciscans (Order of Friars Minor)

Peggy
    $1000 1
Pleiades

Peggy
    $1000 29
Hoffmann

Steven
    $1000 13
Maine (ME)

Michael
    $1000 10
Mother (Elizabeth Ann) Seton

Michael

Scores at the end of the Double Jeopardy! Round:

Steven Michael Peggy
$5,400 $7,000 $6,900

Final Jeopardy! Round responses

FOREIGN PHRASES
StevenWhat are Phi Beta Kappa?
$5,400
PeggyWhat is Phi Beta Kappa?
$6,900
MichaelWhat is Phi Beta Kappa?
$6,801
phi beta kappa

Final scores:

Steven Michael Peggy
$10,800 $13,801 $13,800
3rd place: $1,000 if eliminated Automatic semifinalist 2nd place: $1,000 if eliminated

Game dynamics:

Coryat scores:

Steven Michael Peggy
$8,200 $5,600 $6,900
24 R
(including 1 DD),
5 W
(including 1 DD)
15 R
(including 1 DD),
4 W
18 R,
1 W

Combined Coryat: $20,700

The J! Archive is created by fans, for fans. The Jeopardy! game show and all elements thereof, including but not limited to copyright and trademark thereto, are the property of Jeopardy Productions, Inc. and are protected under law. This website is not affiliated with, sponsored by, or operated by Jeopardy Productions, Inc. Join the discussion at JBoard.tv.